The dimensions of risk (Record no. 83189)

MARC details
000 -LEADER
fixed length control field 00826cab a22001935a 4500
001 - CONTROL NUMBER
control field L153107
008 - FIXED-LENGTH DATA ELEMENTS--GENERAL INFORMATION
fixed length control field 110608e2011 xxk 000 0 eng d
035 ## - SYSTEM CONTROL NUMBER
System control number (Sirsi) u153107
041 0# - LANGUAGE CODE
Language code of text/sound track or separate title eng
110 2# - MAIN ENTRY--CORPORATE NAME
Corporate name or jurisdiction name as entry element EuroProperty
9 (RLIN) 1216
245 04 - TITLE STATEMENT
Title The dimensions of risk
260 ## - PUBLICATION, DISTRIBUTION, ETC.
Date of publication, distribution, etc. 2011
490 #0 - SERIES STATEMENT
Series statement EuroProperty
Volume/sequential designation 6 June 2011, 7(1)
520 ## - SUMMARY, ETC.
Summary, etc. Reports on the assessment by experts at the recent IPD Amsterdam conference of the sources of investment risk as recovery gathers pace. They generally struggled to quantify the risks. Table covers the risks at portfolio level and charts show that pan-European funds are following similar diversification to direct funds to spread risks.
590 ## - LOCAL NOTE (RLIN)
Local note KA
651 #4 - SUBJECT ADDED ENTRY--GEOGRAPHIC NAME
Geographic name Europe
690 ## - LOCAL SUBJECT ADDED ENTRY--TOPICAL TERM (OCLC, RLIN)
Topical term or geographic name as entry element PROPERTY-COMMERCIAL PROPERTY-COMMERCIAL PROPERTY FINANCE AND INVESTMENT
942 ## - ADDED ENTRY ELEMENTS (KOHA)
Suppress in OPAC 0
Holdings
Withdrawn status Lost status Source of classification or shelving scheme Damaged status Not for loan Home library Current library Shelving location Date acquired Total Checkouts Full call number Barcode Date last seen Copy number Price effective from Koha item type
    Dewey Decimal Classification     London London Journal article 08/06/2011   L153107 153107-1001 06/08/2019 1 06/08/2019 Journal article